[Event "RN-2015-0-00923"]
[Site "LSS email"]
[Date "2015.02.06"]
[Round "?"]
[White "Bieszk, Stanislaw"]
[Black "Lukin, Nikita"]
[Result "1-0"]
[WhiteElo "854"]
[BlackElo "800"]
[PlyCount "83"]
[EventDate "2015.01.29"]
[EventType "tourn (corr)"]
[EventRounds "6"]
[EventCountry "GER"]
[SourceTitle "Corr 2022"]
[Source "ChessBase"]
[SourceDate "2021.10.24"]
[SourceVersion "1"]
[SourceVersionDate "2021.10.24"]
[SourceQuality "1"]

1. c4 Nf6 2. g3 g6 3. Bg2 Bg7 4. e3 0-0 5. Ne2 d5 6. cxd5 Nxd5 7. Nbc3 e6 8. d4 Nc6 9. e4 Nxc3 10. bxc3 e5 11. d5 Na5 12. 0-0 c6 13. dxc6 Nxc6 14. Be3 b5 15. Bc5 Re8 16. Qc2 Rb8 17. Rfd1 Qa5 18. Bd6 Rb7 19. a4 Rd7 20. axb5 Qxb5 21. Bf1 Qb6 22. Rab1 Qd8 23. Bc5 a5 24. Bh3 Rxd1+ 25. Rxd1 Qc7 26. Bxc8 Qxc8 27. Ba3 Rd8 28. Rd6 Bf8 29. Rxd8 Qxd8 30. Bxf8 Kxf8 31. Kg2 Qg5 32. h4 Qe7 33. Qa4 Qd7 34. f3 Qd2 35. Qc4 a4 36. Kf2 Ne7 37. Qc7 f6 38. Qb8+ Kf7 39. Qb4 Qa2 40. Ke3 f5 41. Nc1 Qh2 42. Ne2 1-0